000 00688nam a2200253Ia 4500
003 OSt
005 20220918201153.0
006 a|||||r|||| 00| 0
007 ta
008 220917b |||||||| |||| 00| 0 eng d
024 _a92,135
037 _cTextual
040 _aARTS
_cARTS
_beng
041 _2eng
_aeng
082 _aV1:19(C9B3).N7, L7
100 _aRoberts Alan
_997239
245 0 _aHazards of nuclear power
260 _aNottingham
_bSpokeman
_c1977
300 _a73p.
_ccm.
650 _aWORLD HISTORY
700 _a Medvedev Zhores
_997240
942 _hV1:19(C9B3).N7, L7
_cTEXL
_2CC
999 _c215789
_d215789